Gestión de empresa / (Record no. 27508)

MARC details
000 -LEADER
campo de control de longitud fija 00695nam a2200205 i 4500
001 - NÚMERO DE CONTROL
campo de control 27508
003 - IDENTIFICADOR DE NÚMERO DE CONTROL
campo de control ES-MaACL
005 - FECHA Y HORA DE LA ÚLTIMA TRANSACCIÓN
campo de control 20230906153631.0
007 - CAMPO FIJO DE DESCRIPCIÓN FÍSICA--INFORMACIÓN GENERAL
campo de control de longitud fija t|
008 - DATOS DE LONGITUD FIJA--INFORMACIÓN GENERAL
campo de control de longitud fija 030114s1965 sp ||||1| spa d
100 1# - ENTRADA PRINCIPAL--NOMBRE DE PERSONA
Nombre de persona Aubert-Krier, Jane.
9 (RLIN) 23805
245 10 - MENCIÓN DEL TÍTULO
Título Gestión de empresa /
Mención de responsabilidad, etc. por Jane Aubert-Krier ; Prólogo de Antonio Serra Ramoneda ; [Traducción castellana de Francisco Sanuy].
260 ## - PUBLICACIÓN, DISTRIBUCIÓN, ETC.
Lugar de publicación, distribución, etc. Barcelona :
Nombre del editor, distribuidor, etc. Ariel,
Fecha de publicación, distribución, etc. [1965]
300 ## - DESCRIPCIÓN FÍSICA
Extensión XXIII, 507 p. :
Otras características físicas il. ;
Dimensiones 24 cm.
700 1# - ENTRADA AGREGADA--NOMBRE PERSONAL
Nombre de persona Serra Ramoneda, Antonio.
9 (RLIN) 105656
700 1# - ENTRADA AGREGADA--NOMBRE PERSONAL
Nombre de persona Sanuy, Francesc.
9 (RLIN) 103550
852 ## - LOCALIZACIÓN
Ubicación ES-MaACL
Número de control de estantería C-27784
Sublocalización o colección R.57076
852 ## - LOCALIZACIÓN
Ubicación ES-MaACL
Número de control de estantería E-5321
Sublocalización o colección R.89506
852 ## - LOCALIZACIÓN
Ubicación ES-MaACL
Número de control de estantería E-5851
Sublocalización o colección R.90156
Holdings
Estatus retirado Estado de pérdida Estado de daño No para préstamo Biblioteca de origen Biblioteca actual Ubicación en estantería Fecha de adquisición Fuente de adquisición Total de préstamos Signatura topográfica completa Código de barras Visto por última vez Precio de reemplazo Tipo de ítem Koha
        Biblioteca del Ateneo de Madrid Biblioteca del Ateneo de Madrid Depósito 2 17/01/2008     E-5851 1028406 23/02/2023 23/02/2023 Libro impreso
        Biblioteca del Ateneo de Madrid Biblioteca del Ateneo de Madrid Depósito 2 17/01/2008     C-27784 1028404 23/02/2023 23/02/2023 Libro impreso
        Biblioteca del Ateneo de Madrid Biblioteca del Ateneo de Madrid Depósito 2 17/01/2008     E-5321 1028405 23/02/2023 23/02/2023 Libro impreso